ბათუმის შოთა რუსთაველის სახელმწიფო უნივერსიტეტის ბიბლიოთეკა

Change voip Genetic Destiny (ბიბ.ჩანაწერი № 50439)

000 -LEADER
fixed length control field 00490nam a2200205Ia 4500
001 - CONTROL NUMBER
control field 17384
003 - CONTROL NUMBER IDENTIFIER
control field GE_BSU
005 - DATE AND TIME OF LATEST TRANSACTION
control field 20200217145722.0
008 - FIXED-LENGTH DATA ELEMENTS--GENERAL INFORMATION
fixed length control field 181216s2007||||enk|||||||||||||| ||eng||
020 ## - INTERNATIONAL STANDARD BOOK NUMBER
International Standard Book Number 9780767925259
040 ## - CATALOGING SOURCE
Transcribing agency GE_BSU
041 ## - LANGUAGE CODE
Language code of text/sound track or separate title eng
080 ## - UNIVERSAL DECIMAL CLASSIFICATION NUMBER
Universal Decimal Classification number 579.2 D-11
100 ## - MAIN ENTRY--PERSONAL NAME
Personal name D'adamo Y. Peter dr.
9 (RLIN) 7105
245 ## - TITLE STATEMENT
Title Change voip Genetic Destiny
264 ## - PRODUCTION, PUBLICATION, DISTRIBUTION, MANUFACTURE, AND COPYRIGHT NOTICE
Place of production, publication, distribution, manufacture New York,
Date of production, publication, distribution, manufacture, or copyright notice 2007.
300 ## - PHYSICAL DESCRIPTION
Extent 317 p.
Other physical details 30 cm.
653 ## - INDEX TERM--UNCONTROLLED
keyword გენეტიკა
942 ## - ADDED ENTRY ELEMENTS (KOHA)
Koha item type წიგნი
Source of classification or shelving scheme
ეგზემპლარები
Withdrawn status Lost status Source of classification or shelving scheme Damaged status Not for loan Permanent Location Current Location Shelving location Date acquired Cost, normal purchase price Full call number Barcode Date last seen Copy number Price effective from Koha item type Public note
          ბათუმის შოთა რუსთაველის სახელმწიფო უნივერსიტეტის მთავარი ბიბლიოთეკა ბათუმის შოთა რუსთაველის სახელმწიფო უნივერსიტეტის მთავარი ბიბლიოთეკა წიგნსაცავი 2018-12-17 60.00 579.2 D-11 649 2018-12-17 649 2018-12-17 წიგნი 60 ლ.